Normal view
MARC view
Entry Personal Name
001 - CONTROL NUMBER
- control field: 5956
003 - CONTROL NUMBER IDENTIFIER
- control field: OSt
005 - DATE AND TIME OF LATEST TRANSACTION
- control field: 20151103132859.0
008 - FIXED-LENGTH DATA ELEMENTS
- fixed length control field: 151103|| aca||aabn | a|a d
040 ## - CATALOGING SOURCE
- Original cataloging agency: OSt
- Transcribing agency: OSt
100 ## - HEADING--PERSONAL NAME
- Personal name: Harrison,RoseMary; Kessels,Joseph.
670 ## - SOURCE DATA FOUND
- Source citation: Work cat.: (OSt): Harrison,RoseMary; Kessels,Joseph., HUMAN RESOURCE DEVELOPMENT IN A KNOWLEDGE ECONOMY, 2004
